000 01081nam a2200301 i 4500
001 bg
003 KOSZ 005
005 20191002090803.0
008 080619s1961 pl a f 001 0 pol
015 _aPB 1961/6600
040 _aWA N
_cKOSZ 005/RW
_dKOSZ 005/RW
041 1 _apol
_hger
080 _a62:534
100 1 _aMatauschek, Jochen.
245 1 0 _aTechnika ultradźwięków /
_cJ. Matauschek ; tł. Czesław Wachtl.
246 1 _iTyt. oryg.:
_aEinführung in die Ultraschalltechnik.
260 _aWarszawa :
_bWydawnictwa Naukowo-Techniczne,
_c1961.
300 _a407, [3] s. :
_bil., err. ;
_c25 cm.
380 _aKsiążki.
504 _aBibliogr. s. 378-[393]. Indeks.
521 8 _aDla inżynierów, techników, lekarzy i studentów.
650 4 _aUltradźwięki
_xstosowanie.
655 4 _aPodręcznik
700 1 _aWachtl, Czesław.
_eTł.
710 2 _aWydawnictwa Naukowo-Techniczne
_4pbl.
856 _uhttp://koha.tu.koszalin.pl/cgi-bin/koha/opac-detail.pl?biblionumber=10787
_yKatalog online BPK
942 _2UKD
_cKS
999 _c10787
_d10787